000 00332nam a2200145Ia 4500
100 _aSiemens
490 _v37
942 _cBK
654 _acapacitor
245 _aConstructional features and operating characteristics capacitor
260 _bWiley eastern
_aNew Delhi
_c1991
300 _a68
546 _aENGLISH
999 _c28050
_d28050